000 00450nam a2200133Ia 4500
008 100328s9999 xx 000 0 und d
082 _b33781
100 _aभोंजाळ चंद्रकांत-अनु.(मूळ लेखक-जितेंद्र भाटिया)
245 _aअन्तहीन.
260 _bचेतश्री
630 _aअन्तहीन.
730 _aअन्तहीन.
942 _cBOOK
999 _c524115
_d524112